[Event "TCh-NED Meesterklasse 2010-11"]
[Site "Netherlands NED"]
[Date "2011.01.08"]
[Round "5.3"]
[White "Dambacher,M"]
[Black "Pruijssers,R"]
[Result "0-1"]
[WhiteElo "2476"]
[BlackElo "2483"]

1.d4 Nf6 2.c4 g6 3.Nc3 Bg7 4.e4 d6 5.Nf3 O-O 6.Be2 e5 7.O-O Nbd7 8.Be3 Re8
9.d5 Nh5 10.g3 Bf8 11.Ne1 Ng7 12.f3 Be7 13.Qd2 f5 14.Nd3 Nf6 15.Kg2 fxe4
16.fxe4 Ng4 17.Bxg4 Bxg4 18.h3 Bd7 19.c5 Qc8 20.Rh1 Rf8 21.Rac1 Rf7 22.cxd6 cxd6
23.Nb5 Qd8 24.a4 a6 25.Nc3 Nh5 26.Rhf1 Qc8 27.Rh1 Qc4 28.Qd1 Bxa4 29.Qxa4 Qxd3
30.Rhe1 Raf8 31.Qd1 Qxd1 32.Nxd1 Rf3 33.Bf2 Bg5 34.Rc2 Rd3 35.Nc3 Rff3 36.Ne2 Rf7
37.Rc8+ Kg7 38.h4 Bd2 39.Rd1 Be3 40.Rf1 Rd2 41.Bxe3 Rxe2+ 42.Bf2 Nf6  0-1

[Event "9th Parsvnath Open"]
[Site "New Delhi IND"]
[Date "2011.01.08"]
[Round "1.41"]
[White "Kulkarni,R"]
[Black "Pavit,S"]
[Result "1-0"]
[WhiteElo "2236"]
[BlackElo "1678"]

1.d4 Nf6 2.c4 g6 3.Nc3 Bg7 4.e4 d6 5.Nf3 O-O 6.Be2 e5 7.O-O Na6 8.d5 Nc5
9.Qc2 a5 10.a3 Qe8 11.Bg5 a4 12.Nd2 Nh5 13.Bxh5 gxh5 14.Nb5 Qd7 15.Qd1 c6
16.dxc6 bxc6 17.Nc3 f6 18.Be3 h4 19.Bxc5 dxc5 20.Nf3 Qg4 21.h3 Qh5 22.Nxa4 Bxh3
23.gxh3 Rxa4 24.Qxa4 Qxf3 25.Qd1 Qxh3 26.Rc1 Bh6 27.Rc3 Qe6 28.Qh5 Rf7 29.Qxh6 Rg7+
30.Kh2 Qg4 31.Qxg7+ Qxg7 32.Rg1  1-0

[Event "36th Open"]
[Site "Seville ESP"]
[Date "2011.01.08"]
[Round "2"]
[White "Mirzoev,A"]
[Black "Pereira Figueroa,M"]
[Result "1-0"]
[WhiteElo "2563"]
[BlackElo "2121"]

1.d4 Nf6 2.c4 g6 3.Nc3 Bg7 4.e4 d6 5.Nf3 O-O 6.Be2 e5 7.Be3 Ng4 8.Bg5 f6
9.Bh4 g5 10.Bg3 Nh6 11.c5 Nc6 12.cxd6 cxd6 13.d5 Ne7 14.O-O Nf7 15.Nd2 f5
16.f3 f4 17.Bf2 h5 18.Nc4 Nh6 19.Nb5 Rf6 20.Nxa7 Bd7 21.Nb6 Ng6 22.Nxa8 Qxa8
23.Bb5 Qd8 24.Bxd7 Qxd7 25.Qc2 Bf8 26.Qc8 Qg7 27.Rac1 g4 28.Rc7 Ne7 29.Rxe7  1-0

[Event "Australian Open"]
[Site "Cammeray AUS"]
[Date "2011.01.09"]
[Round "7.15"]
[White "Grigg,S"]
[Black "Perera,Pasan"]
[Result "1-0"]
[WhiteElo "2011"]
[BlackElo "1866"]

1.c4 Nf6 2.Nc3 g6 3.e4 d6 4.d4 Bg7 5.Nf3 O-O 6.Be2 Na6 7.O-O e5 8.h3 Qe8
9.d5 Nc5 10.Qc2 a5 11.Be3 b6 12.Nd2 Nfd7 13.Bg5 f6 14.Bh4 Rf7 15.Nb5 Nf8
16.a3 a4 17.Bg3 Bh6 18.b4 axb3 19.Nxb3 Nxb3 20.Qxb3 Rg7 21.f4 exf4 22.Bxf4 g5
23.Bd2 Qxe4 24.Bd3 Qe7 25.Rae1 Qd8 26.Bc3 Rf7 27.Nd4 Bd7 28.Bf5 Bxf5 29.Rxf5 Re7
30.Ref1 Re3 31.Qb2 Qe8 32.Rxf6 Bg7 33.R6f3 Rxc3 34.Qxc3 Qe4 35.Rd1 Ng6 36.Qd2 Nh4
37.Qxg5 Nxf3+ 38.Nxf3 Rxa3 39.Qd8+ Bf8 40.Re1 Qxc4 41.Qg5+ Kf7 42.Qf5+ Kg8
43.Qe6+ Kg7 44.Re4 Qc1+ 45.Kh2 h5 46.Qf5 Rxf3 47.Qxf3 Qg5 48.h4 Qh6 49.g4 Qf6
50.Qg3 Qb2+ 51.Kh3 hxg4+ 52.Qxg4+ Kh8 53.Qh5+ Kg8 54.Qg6+ Kh8 55.Rg4 Bg7
56.h5 Qe5 57.Re4 Qc3+ 58.Kg4 Be5 59.Kf5 Qf3+ 60.Ke6 b5 61.Ke7 Bg7 62.h6 Bc3
63.Kd8  1-0

[Event "9th Parsvnath Open"]
[Site "New Delhi IND"]
[Date "2011.01.09"]
[Round "3.17"]
[White "Harihara,S"]
[Black "Gosh,C"]
[Result "1-0"]
[WhiteElo "1995"]
[BlackElo "2191"]

1.Nf3 Nf6 2.c4 g6 3.Nc3 Bg7 4.e4 d6 5.d4 O-O 6.Be2 e5 7.O-O Nbd7 8.Be3 a5
9.dxe5 dxe5 10.Qc2 c6 11.Rad1 Qe7 12.Na4 Ng4 13.Rxd7 Qxd7 14.Bc5 Qc7 15.Nb6 Rb8
16.Bxf8 Bxf8 17.Nxc8 Rxc8 18.c5 Nf6 19.Bc4 h6 20.Rd1 Kg7 21.Bb3 Nd7 22.Bxf7 Nxc5
23.Bc4 b5 24.Bf1 Be7 25.Qc3 Nxe4 26.Qe3 Nf6 27.Nxe5 Bd6 28.Nf3 Ng4 29.Qd4+ Nf6
30.Qxd6  1-0

[Event "10th Praha Open A"]
[Site "Prague CZE"]
[Date "2011.01.09"]
[Round "3"]
[White "Cifka,Stanislav"]
[Black "Omelja,A"]
[Result "0-1"]
[WhiteElo "2403"]
[BlackElo "2264"]

1.d4 Nf6 2.c4 g6 3.Nc3 Bg7 4.e4 d6 5.Be2 O-O 6.Nf3 e5 7.Be3 Ng4 8.Bg5 f6
9.Bh4 Nc6 10.d5 Ne7 11.O-O c5 12.a3 h5 13.Nd2 Bd7 14.b4 b6 15.Rb1 Nc8 16.Bg3 Nh6
17.bxc5 dxc5 18.f4 exf4 19.Bxf4 g5 20.Bg3 f5 21.Qc2 f4 22.Be1 g4 23.Nb3 Be5
24.Nc1 g3 25.hxg3 fxg3 26.Rxf8+ Kxf8 27.Qd3 Qh4 28.Qf3+ Kg7 29.Qxh5 Bd4+
30.Kf1 Qxh5 31.Bxh5 Nd6 32.N3e2 Rf8+ 33.Bf3 Rxf3+  0-1

[Event "9th Parsvnath Open"]
[Site "New Delhi IND"]
[Date "2011.01.10"]
[Round "5.15"]
[White "Kuzubov,Y"]
[Black "Gosh,C"]
[Result "1-0"]
[WhiteElo "2624"]
[BlackElo "2191"]

1.d4 Nf6 2.c4 g6 3.Nc3 Bg7 4.e4 d6 5.Be2 O-O 6.Nf3 e5 7.Be3 Nbd7 8.O-O exd4
9.Nxd4 Nc5 10.f3 a5 11.Qd2 Re8 12.Rad1 Bd7 13.Rfe1 Qc8 14.Bf1 Be6 15.Bg5 Nfd7
16.Nd5 Kf8 17.Nb5 Bxd5 18.exd5 Re5 19.b3 f6 20.Bh4 Qd8 21.f4 Re4 22.Nd4 Kf7
23.Ne6 Qc8 24.Rxe4 Nxe4 25.Qd4 Nec5 26.Re1 Bh8 27.Qe3 Na6 28.Bd3 Ndc5 29.f5 Nxd3
30.Qxd3 Qd7 31.Qh3 Kg8 32.Qc3 g5 33.Bf2 b6 34.Bd4 Qf7 35.Nxg5 fxg5 36.Bxh8 Nc5
37.g4 Nd3 38.Qxd3 Kxh8 39.Qd4+ Kg8 40.Re6 Re8 41.Re3 Rxe3 42.Qxe3  1-0

[Event "Australian Open"]
[Site "Cammeray AUS"]
[Date "2011.01.11"]
[Round "9.7"]
[White "Zulfic,F"]
[Black "Berezina,I"]
[Result "1-0"]
[WhiteElo "2024"]
[BlackElo "2238"]

1.d4 Nf6 2.c4 g6 3.Nf3 Bg7 4.Nc3 d6 5.e4 O-O 6.Be2 Nbd7 7.O-O e5 8.d5 Nc5
9.Qc2 a5 10.Bg5 h6 11.Be3 Ne8 12.Nd2 f5 13.f3 b6 14.a3 Na6 15.Rfb1 h5 16.Ra2 Bd7
17.b4 Nf6 18.c5 bxc5 19.bxc5 Nxc5 20.Bxc5 dxc5 21.Nb5 fxe4 22.fxe4 Bh6 23.d6 Bxb5
24.Rxb5 Qxd6 25.Nf3 Kh8 26.Kh1 Be3 27.h3 Bd4 28.Nxd4 cxd4 29.Rc5 Rf7 30.Rc6 Qd7
31.Bb5 d3 32.Qc1 Nh7 33.Rd2 Raf8 34.Bxd3 Qd4 35.Bc4 Qxe4 36.Bxf7 Rxf7 37.Qc2 Qe1+
38.Kh2 Nf8 39.Re2 Qf1 40.Qe4 Re7 41.Rc5 Qf6 42.Rxe5 Qd6 43.g3 Rf7 44.Re7 Rf5
45.Re5 Rf7 46.Qe3 Kg8 47.Rxa5 h4 48.Rg5 Rf6 49.Rg2 Ne6 50.Rg4 hxg3+ 51.Qxg3 Nf4
52.Rf2 g5 53.Rxg5+ Kf8 54.Rg4  1-0

[Event "118th ch-NZL 2011"]
[Site "Auckland NZL"]
[Date "2011.01.12"]
[Round "11.7"]
[White "Ansell,A"]
[Black "Milligan,H"]
[Result "1/2-1/2"]
[WhiteElo "2001"]
[BlackElo "2048"]

1.d4 Nf6 2.c4 g6 3.Nc3 Bg7 4.e4 d6 5.Nf3 O-O 6.Be2 Nbd7 7.O-O e5 8.Be3 c6
9.d5 c5 10.Ne1 Ne8 11.g4 Bf6 12.Qd2 Ng7 13.Nd3 Be7 14.Bh6 Nf6 15.h3 Kh8 16.a3 a5
17.f4 exf4 18.Rxf4 Ng8 19.Bxg7+ Kxg7 20.Nb5 g5 21.Rf2 h6 22.Raf1 f6 23.Nc1 Bd7
24.Bd1 Be8 25.Bc2 Bg6 26.Ne2 Qd7 27.Ng3 b6 28.Nf5+ Kh7 29.Rh2 Rfe8 30.Rf3 Bf8
31.Nc3 Re5 32.Rhf2 Qd8 33.Ne2 Qe8 34.Neg3 Rd8 35.Rh2 Ne7 36.Rb3 Bxf5 37.exf5 Nc8
38.Re2 Qe7 39.Rxe5 dxe5 40.Ne4 Kg7 41.Qh2 Rd7 42.h4 Kg8 43.hxg5 hxg5 44.Qh5 Bg7
45.Rh3 Nd6 46.Qh7+ Kf8 47.Nxd6 Rxd6 48.Re3 Qf7 49.Ba4 Qg8 50.Qh3 Qh8 51.Bc6 Rd8
52.Qxh8+ Bxh8 53.Rb3 Rb8 54.d6 Bg7 55.Rh3 Rd8 56.d7 Ke7 57.Rb3 Rb8 58.Rd3 Bf8
59.Bb5 Rd8 60.Kf2 Kf7 61.Ke3 Be7 62.Ke4 Rh8 63.Ba4 Bd8 64.Rd6 Rh4 65.Kf3 Rh3+
66.Kg2 Re3 67.Re6 Re2+ 68.Kf1 Rd2 69.Bc6 Be7 70.Bd5 Kf8 71.Rxb6 Bd8 72.Re6 Be7
73.Rc6 Bd8 74.Rxc5 Rxb2 75.Be6 Ke7 76.Rb5 Rc2 77.Rb3 Kd6 78.Rb8 Ke7 79.Rb3 Kd6
80.Rh3 Kc7 81.Rg3 Kd6 82.Ke1 Kc7 83.Kd1 Rh2 84.c5 Rb2 85.Rc3 Rg2 86.Rc4 Kc6
87.a4 Rb2 88.Kc1  1/2-1/2

[Event "Australian Open"]
[Site "Cammeray AUS"]
[Date "2011.01.12"]
[Round "10.15"]
[White "Dale,Ari"]
[Black "Vogel,Joe"]
[Result "1/2-1/2"]
[WhiteElo "1848"]
[BlackElo "2069"]

1.d4 Nf6 2.c4 g6 3.Nc3 Bg7 4.e4 d6 5.Nf3 O-O 6.Be2 e5 7.O-O Nbd7 8.Bg5 h6
9.Bh4 g5 10.Bg3 Nh5 11.Nd5 Re8 12.dxe5 Nxg3 13.hxg3 Nxe5 14.Rb1 f5 15.Nd2 fxe4
16.Bh5 Rf8 17.Ne3 Be6 18.b3 d5 19.cxd5 Bxd5 20.Nxd5 Qxd5 21.Qe2 Rad8 22.Rbd1 Qa5
23.Nxe4 Kh8 24.f4 Rxd1 25.Qxd1 gxf4 26.gxf4 Nc6 27.a4 Nd4 28.Kh1 Qb4 29.Nd2 Nf5
30.Rf3 Rd8 31.Qc2 Nh4 32.Re3 Qxf4 33.Re4 Qg3 34.Nf1 Qg5 35.Qe2 Rf8 36.g3 Nf5
37.Bg4 Nd6 38.Rf4 Rxf4 39.gxf4 Qxf4 40.Kg2 Qg5 41.Ng3 Be5 42.Nh5 Bd4 43.Qf3 Qe7
44.Ng3 Bf6 45.Qf4 Bg5 46.Qd4+ Qf6 47.Qxa7 Qb2+ 48.Kh3 Qc3 49.Qf2 Qxb3 50.Qc5 Qf7
51.Qe5+ Qf6 52.Qc5 Qe7 53.Qc3+ Bf6 54.Qd2 Nf7 55.Nf5 Qa3+ 56.Kh2 Qb2 57.Qxb2 Bxb2
58.Bh5 Kg8 59.Bxf7+ Kxf7 60.Nxh6+ Ke6 61.Kg2 Kd5 62.Nf7 Kc4 63.Nd8 b6 64.Nc6 Kc5
65.Ne7 Be5 66.Kf3 Kb4 67.Nc6+ Kxa4 68.Nxe5 b5 69.Ke3 c5 70.Kd2 Kb3 71.Kc1 Ka2
72.Nd3 c4 73.Nb4+ Kb3 74.Nc2 Kc3 75.Kb1 b4 76.Nxb4 Kxb4 77.Kc2 c3 78.Kc1  1/2-1/2

[Event "36th Open"]
[Site "Seville ESP"]
[Date "2011.01.13"]
[Round "7"]
[White "Pogorelov,R"]
[Black "Matamoros Franco,C"]
[Result "1/2-1/2"]
[WhiteElo "2427"]
[BlackElo "2545"]

1.Nf3 Nf6 2.c4 g6 3.Nc3 Bg7 4.e4 d6 5.d4 O-O 6.Be2 e5 7.d5 a5 8.Bg5 h6 9.Bh4 Na6
10.Nd2 Qe8 11.O-O Nh7 12.Kh1 Bd7 13.b3 h5 14.f3 Bf6 15.Bf2 Qe7 16.a3 Bg5
17.Rb1 h4 18.b4 axb4 19.axb4 Nf6 20.c5 h3 21.g3 dxc5 22.bxc5 Nxc5  1/2-1/2

[Event "TCh-SVK Extraliga 2010-11"]
[Site "Kosice CZE"]
[Date "2011.01.15"]
[Round "3.2"]
[White "Dydyshko,V"]
[Black "Vovk,Y"]
[Result "1/2-1/2"]
[WhiteElo "2547"]
[BlackElo "2539"]

1.d4 Nf6 2.c4 g6 3.Nc3 Bg7 4.e4 d6 5.Nf3 O-O 6.Be2 e5 7.Be3 Ng4 8.Bg5 f6
9.Bh4 Nc6 10.d5 Ne7 11.Nd2 f5 12.Bxg4 fxg4 13.Bg5 h6 14.Be3 c5 15.Rb1 g5
16.b4 b6 17.bxc5 bxc5 18.Qa4 Ng6 19.Qc6 Bd7 20.Qa6 Nf4 21.O-O Bc8 22.Qc6 Bd7
23.Qa6 Bc8 24.Qc6 Bd7 25.Qa6 Bc8  1/2-1/2

[Event "TCh-SVK Extraliga 2010-11"]
[Site "Prievidza CZE"]
[Date "2011.01.15"]
[Round "3.8"]
[White "Banas,J"]
[Black "Hanko,P"]
[Result "1-0"]
[WhiteElo "2306"]
[BlackElo "2179"]

1.c4 g6 2.d4 Nf6 3.Nf3 Bg7 4.Nc3 O-O 5.e4 d6 6.Be2 e5 7.Be3 Ng4 8.Bg5 f6
9.Bh4 Nc6 10.d5 Ne7 11.Nd2 Nh6 12.f3 c5 13.a3 g5 14.Bf2 f5 15.b4 b6 16.Rb1 Ng6
17.bxc5 bxc5 18.Qa4 Bd7 19.Qa6 Be8 20.g3 g4 21.exf5 gxf3 22.Bxf3 Nxf5 23.Nce4 Bh6
24.O-O Ne3 25.Bxe3 Bxe3+ 26.Kg2 Bd7 27.Rb2 Bf5 28.Re1 Bd4 29.Rb3 Rb8 30.Rxb8 Qxb8
31.Rb1 Qd8 32.Qxa7 Be3 33.Rb7 Nh4+ 34.gxh4 Qxh4 35.Rg7+ Kh8 36.Rg3 Qh6 37.Nxd6 Bf4
38.Nxf5 Rxf5 39.Ne4 Bxg3 40.Nxg3 Qd2+ 41.Be2 Rg5 42.Qb8+ Kg7 43.Qc7+ Kg8
44.Qd8+ Kg7 45.Qe7+ Kg8 46.Qe6+ Kg7 47.Kh3 Qe3 48.d6 Rg6 49.Qe7+ Kh6 50.d7  1-0

[Event "73rd Tata Steel GMC"]
[Site "Wijk aan Zee NED"]
[Date "2011.01.15"]
[Round "1"]
[White "Nyzhnyk,I"]
[Black "Kazhgaleyev,M"]
[Result "1-0"]
[WhiteElo "2530"]
[BlackElo "2637"]

1.d4 Nf6 2.c4 g6 3.Nc3 Bg7 4.e4 d6 5.Be2 O-O 6.Nf3 e5 7.O-O exd4 8.Nxd4 Re8
9.f3 c6 10.Nc2 Na6 11.Be3 d5 12.cxd5 cxd5 13.exd5 Nb4 14.Nxb4 Rxe3 15.Nc2 Re8
16.Kh1 Qa5 17.Bc4 Bd7 18.Qd2 h5 19.Qf2 a6 20.Rad1 Rac8 21.Bb3 Qc5 22.Qg3 Rcd8
23.Nd4 Kh7 24.d6 Rf8 25.Rfe1 Bc8 26.Nc2 b5 27.Re5 Qb6 28.Re7 Rd7 29.Ne3 Qd8
30.Rxd7 Qxd7 31.Ned5 Bb7 32.Ne7 Kh8 33.Bxf7 Rxf7 34.Nxg6+ Kg8 35.Ne5 Qe6
36.Nxf7 Qxf7 37.Re1 h4 38.Qg5 Bc6 39.Re7 Qf8 40.Rc7 b4 41.d7 Nxd7 42.Nd5 Qe8
43.Rc8  1-0

[Event "TCh-SVK Extraliga 2010-11"]
[Site "Bardejov CZE"]
[Date "2011.01.16"]
[Round "4.1"]
[White "Maslik,M"]
[Black "Mrva,Mart"]
[Result "0-1"]
[WhiteElo "2402"]
[BlackElo "2471"]

1.d4 Nf6 2.c4 g6 3.Nc3 Bg7 4.e4 d6 5.Be2 O-O 6.Nf3 e5 7.O-O Na6 8.Be3 b6
9.Qc2 Ng4 10.Bg5 f6 11.Bd2 Nb4 12.Qa4 c5 13.dxc5 bxc5 14.h3 Nh6 15.a3 Na6
16.Nd5 Qd7 17.Qxd7 Bxd7 18.b4 Rae8 19.b5 Nb8 20.a4 Nf7 21.a5 f5 22.Bd3 fxe4
23.Bxe4 Bf5 24.Rfe1 Nd8 25.b6 a6 26.Nc7 Bxe4 27.Rxe4 Re7 28.Bg5 Rd7 29.Bxd8 Rfxd8
30.Ng5 Rc8 31.Nge6 Bf6 32.Rb1 Kf7 33.f4 Nc6 34.fxe5 Bxe5 35.Rf1+ Kg8 36.Nd5 Nxa5
37.Rxe5 dxe5 38.Nf6+ Kf7 39.Ng5+ Ke7 40.Nxd7 Kxd7 41.Nxh7 Nxc4 42.Nf8+ Kc6
43.Rf6+ Kb7 44.Nxg6 a5 45.h4 a4 46.Rf1 Kxb6 47.h5 Rc6 48.h6 Rxg6 49.h7 Rh6
50.Rf6+ Rxf6 51.h8=Q Rf4 52.Qg8 a3 53.g4 Kb5 54.g5 Kb4 55.Qb8+ Kc3 56.Qb1 Rg4+
57.Kf2 Nb2 58.Kf3 Rf4+ 59.Kg3 Kb3 60.g6 Rf8 61.Qe4 a2 62.g7 Rd8 63.Qb7+ Kc2
64.Qg2+ Kc3 65.Qg1 Rg8 66.Qxc5+ Nc4 67.Qf8 Rxg7+ 68.Qxg7 a1=Q  0-1

[Event "B2 Masters"]
[Site "Marianske Lazne CZE"]
[Date "2011.01.16"]
[Round "2"]
[White "Porat,Ma"]
[Black "Iwanow,A"]
[Result "1-0"]
[WhiteElo "2246"]
[BlackElo "2097"]

1.d4 Nf6 2.c4 g6 3.Nc3 Bg7 4.e4 d6 5.Nf3 O-O 6.Be2 e5 7.O-O Nbd7 8.Re1 c6
9.Bf1 a5 10.d5 Nc5 11.b3 Bd7 12.dxc6 Bxc6 13.Qc2 Qb6 14.Ba3 Rfd8 15.Rad1 Rac8
16.g3 Bd7 17.Bg2 Bf8 18.Bc1 h6 19.Be3 Qc6 20.h3 a4 21.g4 axb3 22.axb3 g5
23.Nd5 Nxd5 24.exd5 Qb6 25.Rb1 Qc7 26.Bxg5 hxg5 27.Nxg5 Bg7 28.Qh7+ Kf8 29.Re3 Be8
30.Rf3 Qe7 31.Rf5 Bd7 32.Rxf7+ Qxf7 33.Nxf7 Kxf7 34.b4 Rh8 35.Qc2 Na6 36.Rb3 Bh6
37.Be4 Bf4 38.Bh7 Ke7 39.Qg6 Rhf8 40.c5 dxc5 41.d6+ Kd8 42.Qg7 Re8 43.Qf6+  1-0

[Event "Marienbad Open"]
[Site "Marianske Lazne CZE"]
[Date "2011.01.17"]
[Round "3"]
[White "Yakimenko,Alex"]
[Black "Poznanska,K"]
[Result "1-0"]
[WhiteElo "2207"]
[BlackElo "2065"]

1.d4 Nf6 2.c4 g6 3.Nc3 Bg7 4.e4 d6 5.Be2 O-O 6.Nf3 e5 7.O-O Nbd7 8.Be3 Ng4
9.Bg5 f6 10.Bd2 Nh6 11.Qc2 c6 12.Rad1 Qe7 13.Rfe1 exd4 14.Nxd4 Nc5 15.b4 Ne6
16.Nb3 f5 17.Bf1 f4 18.f3 Nf7 19.Ne2 Qg5 20.Bc1 Ne5 21.Kh1 Qh4 22.Bb2 Ng5
23.Bc3 Be6 24.Na5 Rf7 25.Nd4 Re8 26.Nxe6 Nxe6 27.Rxd6 g5 28.c5 g4 29.Nc4 gxf3
30.Nxe5 Bxe5 31.gxf3 Ng5 32.Bc4 Nxf3 33.Qg2+ Kf8 34.Qxf3 Rg7 35.Rf1 Bxc3
36.Qxc3 Rxe4 37.Qf6+ Qxf6 38.Rxf6+ Ke7 39.R6xf4  1-0

[Event "Marienbad Open"]
[Site "Marianske Lazne CZE"]
[Date "2011.01.18"]
[Round "4"]
[White "Panos,J"]
[Black "Kurzok,Z"]
[Result "0-1"]
[WhiteElo "1904"]
[BlackElo "1703"]

1.d4 Nf6 2.Nf3 d6 3.c4 g6 4.Nc3 Bg7 5.e4 O-O 6.Be2 e5 7.d5 Nh5 8.O-O h6 9.b4 f5
10.a4 f4 11.Ra3 Nd7 12.g4 fxg3 13.fxg3 Kh7 14.Nh4 Rxf1+ 15.Qxf1 Ndf6 16.Qd1 Qe8
17.c5 Bh3 18.Nb5 Qd7 19.g4 Nxg4 20.Rxh3 Nf2 21.Kxf2 Qxh3 22.Nf3 Rf8 23.Qg1 Nf6
24.Qg2 Nxe4+ 25.Kg1 Qxg2+ 26.Kxg2 dxc5 27.bxc5 Nxc5 28.Ba3 b6 29.Bxc5 bxc5
30.Nxc7 e4 31.Nd2 e3 32.Ne4 Rf4 33.Ng3 Rf2+ 34.Kg1 Be5 35.Bd3 Bxc7 36.Bc4 Bxg3
37.hxg3 Rc2  0-1

[Event "Marienbad Open"]
[Site "Marianske Lazne CZE"]
[Date "2011.01.20"]
[Round "7"]
[White "Bartos,J"]
[Black "Dvirnyy,D"]
[Result "1/2-1/2"]
[WhiteElo "2203"]
[BlackElo "2480"]

1.d4 Nf6 2.Nf3 d6 3.c4 Nbd7 4.Nc3 e5 5.e4 g6 6.Be2 Bg7 7.O-O O-O 8.Qc2 Re8
9.d5 Nh5 10.g3 Bf8 11.Ng5 Ng7 12.Bg4 Be7 13.f4 exf4 14.gxf4 Bf6 15.Nf3 c6
16.Bd2 Nb6 17.Bxc8 Rxc8 18.dxc6 bxc6 19.Qd3 Ne6 20.b4 d5 21.cxd5 cxd5 22.e5 Be7
23.f5 gxf5 24.Qxf5 Ng7 25.Qd3 Rc6 26.Kh1 Rg6 27.a3 Qd7 28.Nd4 Nc4 29.Bf4 Bd8
30.Nde2 Nxe5 31.Qxd5 Qxd5+ 32.Nxd5 Nd3 33.Ng3 Bb6 34.Nxb6 axb6 35.Rad1 Nb2
36.Rd7 h5 37.Rf2 Nc4 38.a4 h4 39.Nf1 Nh5 40.Bc7 Nf6 41.Rd8 Rxd8 42.Bxd8 Nd5
43.Bxh4 Nxb4 44.Rf5 Nd3 45.Ng3 Nd6  1/2-1/2

[Event "ch-CRO"]
[Site "Marija Bistrica CRO"]
[Date "2011.01.20"]
[Round "4.6"]
[White "Jovanic,O"]
[Black "Jovanovic,Zo CRO"]
[Result "1/2-1/2"]
[WhiteElo "2489"]
[BlackElo "2539"]

1.d4 Nf6 2.c4 g6 3.Nc3 Bg7 4.e4 d6 5.Nf3 O-O 6.Be2 e5 7.Be3 c6 8.O-O exd4
9.Bxd4 Qe7 10.Qc2 Nbd7 11.Rfe1 Nc5 12.Nd2 b6 13.Rad1 Bb7 14.f3 Ne6 15.Bf2 d5
16.exd5 cxd5 17.Bf1 Rfd8 18.Nb3 Qf8 19.Nd4 Nxd4 20.Rxd4 dxc4 21.Rxd8 Rxd8
22.Bxc4 Qb4 23.Qb3 Qxb3 24.axb3 Bc6 25.Re7 Nd5 26.Bxd5 Bxd5 27.Rxa7 Bxb3
28.Bxb6 Rb8 29.Be3 Be6 30.Na4 Bb3 31.Nc5  1/2-1/2

[Event "TCh-CZE 2010-11"]
[Site "Czech Rep CZE"]
[Date "2011.01.22"]
[Round "6.5"]
[White "Markos,J"]
[Black "Michalek,J"]
[Result "1-0"]
[WhiteElo "2546"]
[BlackElo "2335"]

1.d4 Nf6 2.c4 g6 3.Nc3 Bg7 4.e4 d6 5.Nf3 O-O 6.Be2 e5 7.O-O exd4 8.Nxd4 Re8
9.f3 c6 10.Kh1 Nbd7 11.Bg5 Qb6 12.Nb3 a5 13.Qd2 a4 14.Be3 Nc5 15.Nd4 Nfd7
16.Rab1 Nf8 17.Nc2 Qc7 18.b4 axb3 19.axb3 f5 20.b4 Na4 21.Nxa4 Rxa4 22.Bf4 Be5
23.Bxe5 dxe5 24.exf5 Bxf5 25.c5 b5 26.cxb6 Qxb6 27.Bc4+ Kg7 28.Bb3 Ra7 29.Qc3 Rd7
30.Rbe1 Rd3 31.Qc4 Qd8 32.Qf7+ Kh6 33.Ne3 Qe7 34.Qc4 Qd6 35.Bc2 Rd4 36.Qf7 Bxc2
37.Qxe8 Bd3 38.Ng4+ Rxg4 39.fxg4 Bxf1 40.Rxf1 Ne6 41.h4 Nf4 42.Qf7 Qxb4 43.Qf6 Nd5
44.Qg5+ Kg7 45.Qxe5+ Kh6 46.Rf7  1-0

[Event "B1 Masters"]
[Site "Marianske Lazne CZE"]
[Date "2011.01.22"]
[Round "9"]
[White "Zier,O"]
[Black "Matras,On"]
[Result "0-1"]
[WhiteElo "2131"]
[BlackElo "2322"]

1.d4 Nf6 2.c4 g6 3.Nc3 Bg7 4.e4 d6 5.Nf3 O-O 6.Be2 e5 7.dxe5 dxe5 8.Qxd8 Rxd8
9.Bg5 Re8 10.Nd5 Nxd5 11.cxd5 c6 12.Bc4 cxd5 13.Bxd5 Na6 14.O-O-O Nc7 15.Bb3 Be6
16.Bxe6 Nxe6 17.Be3 Re7 18.Kb1 f6 19.Rd6 Kf7 20.Rhd1 b6 21.Ne1 Bf8 22.Nc2 Rc7
23.Rd7+ Be7 24.Na3 Ke8 25.Rxc7 Nxc7 26.Rc1 Kd7 27.Nc4 Re8 28.f4 exf4 29.Bxf4 Ne6
30.Bg3 Nc5 31.e5 f5 32.Rd1+ Ke6 33.Na3 Rd8 34.Rc1 Bg5 35.Re1 Rd2 36.Ka1 Nd3
37.Rb1 Rxg2  0-1

[Event "ch-CRO"]
[Site "Marija Bistrica CRO"]
[Date "2011.01.22"]
[Round "6.5"]
[White "Jovanic,O"]
[Black "Kozul,Z"]
[Result "0-1"]
[WhiteElo "2489"]
[BlackElo "2576"]

1.d4 Nf6 2.c4 g6 3.Nc3 Bg7 4.e4 d6 5.Nf3 O-O 6.Be2 e5 7.Be3 c6 8.O-O Nbd7
9.Qc2 Qe7 10.Rad1 h6 11.d5 c5 12.g3 Nh7 13.Qc1 h5 14.Nh4 a6 15.Ng2 Ndf6 16.f3 Bh3
17.Rde1 h4 18.Nd1 hxg3 19.hxg3 Bd7 20.Kf2 b5 21.Rh1 Rfb8 22.Rh2 bxc4 23.Reh1 Rb4
24.Bd2 Rab8 25.Bxc4 Ra4 26.a3 Bb5 27.Nge3 Ng5 28.Kg2 Qd7 29.b3 Bxc4 30.Nxc4 Nxf3
31.bxa4 Nxh2 32.Kxh2 Nxe4 33.Re1 Qg4 34.Re3 Nxd2 35.Nxd2 Bh6 36.Nc4 Bxe3
37.Ndxe3 Qe2+ 38.Kh3 Kg7 39.Nf5+ Kf6 40.Ncxd6 Rh8+ 41.Nh6 Qh5+ 42.Kg2 Qxh6
43.Qf1+ Ke7 44.Qxf7+ Kxd6 45.Qe6+ Kc7 46.Qe7+ Kc8 47.Qxc5+ Kd8 48.Qd6+ Ke8
49.Qxe5+ Kf8 50.Qd6+ Kg8 51.Qe6+ Kh7 52.Qd7+ Qg7 53.Qh3+ Kg8 54.Qc8+ Qf8
55.Qc6 Kg7 56.d6 Qa8  0-1

[Event "TCh-NOR Attack-serien 2010-11"]
[Site "Oslo NOR"]
[Date "2011.01.22"]
[Round "5"]
[White "Byklum,B"]
[Black "Djurhuus,R"]
[Result "1/2-1/2"]
[WhiteElo "2263"]
[BlackElo "2444"]

1.d4 Nf6 2.c4 g6 3.Nc3 Bg7 4.e4 O-O 5.Nf3 d6 6.Be2 Nbd7 7.O-O e5 8.Be3 h6
9.h3 exd4 10.Nxd4 Re8 11.Qc2 Nc5 12.Bf3 Nh7 13.b4 Ne6 14.Rad1 Nhg5 15.Bg4 Nxd4
16.Bxd4 Bxd4 17.Rxd4 Bxg4 18.hxg4 Ne6 19.Rd3 c6 20.Qd2 Ng5 21.Rxd6 Qe7 22.f3 Rad8
23.Rd1 Rxd6 24.Qxd6 Qxd6 25.Rxd6 Kf8 26.c5 Ne6 27.Rd7 Rb8 28.e5 Ke8 29.Rd6 a5
30.a3 axb4 31.axb4 Ra8 32.Rd2 Ke7 33.Rb2 Nf4 34.b5 Nd3 35.bxc6 bxc6 36.Rb6 Nxe5
37.Ne4 Ke6 38.Kh2 f5 39.gxf5+ gxf5 40.Nd6 Ra5 41.Nb7 Ra2 42.Kg3 f4+ 43.Kxf4 Rxg2
44.Rb1 Rd2 45.Rh1 Rd4+ 46.Ke3  1/2-1/2

[Event "TCh-CZE 2010-11"]
[Site "Czech Rep CZE"]
[Date "2011.01.23"]
[Round "7.7"]
[White "Skliba,M"]
[Black "Chytilek,R"]
[Result "1/2-1/2"]
[WhiteElo "2305"]
[BlackElo "2366"]

1.d4 Nf6 2.Nf3 g6 3.c4 Bg7 4.Nc3 O-O 5.e4 d6 6.Be2 Na6 7.O-O e5 8.Be3 Ng4
9.Bg5 Qe8 10.dxe5 Nxe5 11.Nd4 Nc6 12.Ndb5 f5 13.exf5 Bxf5 14.Bf3 Qd7 15.Qd2 Nab4
16.Nd5 Nxd5  1/2-1/2

[Event "ch-CRO"]
[Site "Marija Bistrica CRO"]
[Date "2011.01.24"]
[Round "8"]
[White "Jovanic,O"]
[Black "Jankovic,A"]
[Result "0-1"]
[WhiteElo "2489"]
[BlackElo "2564"]

1.d4 Nf6 2.c4 g6 3.Nc3 Bg7 4.Nf3 O-O 5.e4 d6 6.Be2 e5 7.Be3 Ng4 8.Bg5 f6
9.Bc1 Nc6 10.d5 Nd4 11.Nxd4 exd4 12.Nb5 f5 13.O-O Ne5 14.exf5 d3 15.Bxd3 Nxd3
16.Qxd3 Bxf5 17.Qd1 Qf6 18.a4 Rf7 19.Ra3 a6 20.Nc3 Qh4 21.Qe2 Raf8 22.Nd1 Bg4
23.f3 Be5 24.g3 Bd4+ 25.Be3 Qe7 26.Qd2 Bg7 27.f4 Bh3 28.Re1 Qe4 29.Ba7 Qf5
30.Bd4 g5 31.Nf2 Bg4 32.Nxg4 Bxd4+ 33.Qxd4 Qxg4 34.Rf1 Rxf4 35.Rxf4 Rxf4
36.Qd2 Rxc4 37.Re3 Rxa4 38.Re8+ Kf7 39.Qe3 Qd4 40.Re7+ Kg6 41.Re6+ Kf5 42.h3 Ra1+  0-1

[Event "I Antonio Rocha Mem"]
[Site "Campinas BRA"]
[Date "2011.01.25"]
[Round "13.6"]
[White "Vescovi,G"]
[Black "Saldano Dayer,H"]
[Result "1-0"]
[WhiteElo "2631"]
[BlackElo "2401"]

1.d4 Nf6 2.c4 g6 3.Nc3 Bg7 4.e4 d6 5.Nf3 O-O 6.Be2 e5 7.Be3 Nbd7 8.d5 Ng4
9.Bg5 f6 10.Bh4 g5 11.Bg3 Nh6 12.Nd2 f5 13.exf5 Nc5 14.Nde4 Nxe4 15.Nxe4 Bxf5
16.Bd3 g4 17.O-O Bg6 18.c5 Qe7 19.Rc1 Kh8 20.Rc4 Bf7 21.cxd6 cxd6 22.Nc3 Rac8
23.b3 b5 24.Nxb5 Bxd5 25.Ra4 Qd7 26.Re1 a6 27.Rxa6 Nf7 28.Bf1 Bxg2 29.Bxg2 Qxb5
30.Ra7 Qc5 31.Rd7 Qc3 32.Rf1 h5 33.h3 Ng5 34.Qxd6 Nf3+ 35.Kh1 Rc6 36.Qe7 Rg6
37.h4 Qb2 38.Rfd1 Qe2 39.a4 Qc2 40.Rd8 Kh7 41.R8d7 Rff6 42.Bxf3 Rxf3 43.Bxe5 Qe4
44.Bg3 Qa8 45.Kh2 Rxb3 46.R1d5  1-0

[Event "Oceania Zonal"]
[Site "Rotorua NZL"]
[Date "2011.01.28"]
[Round "6.13"]
[White "Lukey,S"]
[Black "Bennett,H"]
[Result "1/2-1/2"]
[WhiteElo "2244"]
[BlackElo "1974"]

1.d4 Nf6 2.Nf3 g6 3.c4 Bg7 4.Nc3 O-O 5.e4 d6 6.Be2 e5 7.O-O Na6 8.Be3 Ng4
9.Bg5 Qe8 10.c5 exd4 11.Nd5 Qxe4 12.Bc4 d3 13.Rc1 Qe2 14.Bxa6 bxa6 15.Qa4 Ne5
16.Nd4 Qe4 17.Nf6+ Bxf6 18.Bxf6 Nd7 19.Rce1 Qf4 20.Be7 Nxc5 21.Qb4 Bd7 22.g3 Qg4
23.f3 Qh5 24.Bxf8 Rxf8 25.Qc3 Qd5 26.Re3 Na4 27.Qxd3 Nxb2 28.Qc3 Na4 29.Qa1 c5
30.Ne2 Bb5 31.Rd1 Qc6 32.Nf4 Nb6 33.Qf6 d5 34.Qh4 d4 35.Re7 Qxf3 36.Rde1 Bc6
37.Rf1 Qh1+ 38.Kf2  1/2-1/2

[Event "ch-AZE"]
[Site "Baku AZE"]
[Date "2011.01.29"]
[Round "9.3"]
[White "Abasov,N"]
[Black "Mamedov,Nid"]
[Result "1/2-1/2"]
[WhiteElo "2486"]
[BlackElo "2580"]

1.d4 Nf6 2.c4 g6 3.Nc3 Bg7 4.e4 d6 5.Nf3 O-O 6.Be2 e5 7.Be3 Ng4 8.Bg5 f6
9.Bh4 g5 10.Bg3 Nh6 11.dxe5 dxe5 12.Qb3 c6 13.O-O Qe7 14.Rfd1 Na6 15.Rd2 f5
16.exf5 Nc5 17.Qa3 Nxf5 18.Bd3 Nxg3 19.hxg3 g4 20.Ne4 gxf3 21.Qxc5 Qxc5 22.Nxc5 Bh6
23.Rdd1 fxg2 24.Be4 Bg4 25.Rd6 Bg5 26.Nxb7 Rab8 27.Bxc6 Bc8 28.Nc5 Rxb2 29.Ne4 Be7
30.Rd2 Rxd2 31.Nxd2 Bc5 32.Nf3 Bg4 33.Kxg2 Bxf3+ 34.Bxf3 e4 35.Bxe4 Rxf2+
36.Kh3 Re2 37.Bd5+ Kg7  1/2-1/2